Loading...
| Religion | 0 | 4 | 0 | 2 | 40 | 88 | 114.75 | 0 | 4 |
| Mythology | 0 | 4 | 1 | 0 | 35 | 83 | 95.00 | 2 | 4 |
| Literature - British Literature | 0 | 3 | 0 | 0 | 30 | 34 | 94.33 | 1 | 3 |
| History - Other History | 0 | 3 | 1 | 0 | 25 | 124 | 128.67 | 0 | 2 |
| History - European History | 0 | 2 | 0 | 1 | 20 | 75 | 101.00 | 1 | 2 |
| Philosophy | 0 | 2 | 0 | 0 | 20 | 80 | 89.50 | 0 | 2 |
| Pop Culture | 0 | 2 | 0 | 0 | 20 | 11 | 64.50 | 1 | 1 |
| Fine Arts - Other Fine Arts | 0 | 1 | 0 | 1 | 10 | 138 | 138.00 | 0 | 1 |
| Other Academic | 0 | 1 | 0 | 1 | 10 | 130 | 130.00 | 0 | 1 |
| Literature - European Literature | 0 | 1 | 1 | 0 | 5 | 101 | 101.00 | 1 | 1 |
| Literature - American Literature | 0 | 1 | 1 | 0 | 5 | 118 | 118.00 | 0 | 1 |
| Fine Arts - Painting and Sculpture | 0 | 0 | 0 | 0 | 0 | 0.00 | 0 | 0 | |
| Social Science | 0 | 0 | 1 | 0 | -5 | 0.00 | 0 | 0 | |
| Current Events | 0 | 0 | 1 | 0 | -5 | 0.00 | 0 | 0 |